Normal view
MARC view
Entry Topical Term
001 - CONTROL NUMBER
- control field: 26697
003 - CONTROL NUMBER IDENTIFIER
- control field: ARRUPE
005 - DATE AND TIME OF LATEST TRANSACTION
- control field: 20161013104511.0
008 - FIXED-LENGTH DATA ELEMENTS
- fixed length control field: 161013|| aca||aabn | a|a d
040 ## - CATALOGING SOURCE
- Original cataloging agency: ARRUPE
- Transcribing agency: ARRUPE
150 ## - HEADING--TOPICAL TERM
- Topical term or geographic name as entry element: Art, Prehistoric
670 ## - SOURCE DATA FOUND
- Source citation: Work cat.: (ARRUPE)44255: Larousse encyclopedia of prehistoric and ancient art